|
|
|
|
| LEADER |
01522nam a2200289 a 4500 |
| 001 |
1695638 |
| 003 |
BD-DhAAL |
| 005 |
20260106142017.0 |
| 008 |
090520r20001974njua 000 0 eng d |
| 010 |
|
|
|a 640003
|
| 040 |
|
|
|a DLC/ICU
|c ICU
|d DLC
|d BD-DhAAL
|
| 082 |
0 |
0 |
|a 531.1133
|2 21
|
| 100 |
1 |
|
|a Subrahmanyam, N.
|9 59692
|
| 245 |
1 |
0 |
|a Waves and oscillations/
|c N.Subrahmanyam and Brij Lal.
|
| 260 |
|
|
|a Princeton, N.J. ;
|a India :
|b Published for the Commission on College Physics ;
|b Vikas Publishing House,
|c 1974(reprinted2000).
|
| 300 |
|
|
|a vii, 433 pages :
|b illustrations :
|c 21 cm.
|
| 541 |
1 |
|
|e 00011388
|
| 650 |
|
0 |
|a Waves.
|
| 650 |
|
0 |
|a Oscillations.
|9 60064
|
| 700 |
1 |
|
|a Lal,Brij.
|9 20739
|
| 852 |
4 |
|
|a Ayesha Abed Library
|j General Shelf.
|
| 942 |
|
|
|2 ddc
|c BK
|
| 999 |
|
|
|c 978
|d 978
|
| 952 |
|
|
|0 0
|1 0
|2 ddc
|4 0
|6 531_113300000000000_SUB_2000
|7 0
|8 NFIC
|9 886
|a BRACUL
|b BRACUL
|c GEN
|d 2010-02-15
|e Not found
|l 8
|m 24
|o 531.1133 SUB
|p 3010011388
|r 2015-03-20
|s 2015-03-18
|t 1
|w 2009-06-22
|y BK
|
| 952 |
|
|
|0 0
|1 0
|2 ddc
|4 0
|6 531_113300000000000_SUB_2000
|7 0
|8 NFIC
|9 9900
|a BRACUL
|b BRACUL
|c GEN
|d 2010-05-06
|l 10
|m 58
|o 531.1133 SUB
|p 3010011391
|q 2026-06-02
|r 2026-02-01
|s 2026-02-01
|t 2
|w 2010-05-06
|y BK
|
| 952 |
|
|
|0 0
|1 0
|2 ddc
|4 0
|6 531_113300000000000_SUB
|7 0
|9 14321
|a BRACUL
|b BRACUL
|c GEN
|d 2011-02-03
|l 14
|m 36
|o 531.1133 SUB
|p 3010011387
|r 2026-02-09
|s 2026-02-09
|t 3
|w 2011-02-03
|y BK
|
| 952 |
|
|
|0 0
|1 0
|2 ddc
|4 0
|6 531_113300000000000_SUB
|7 0
|9 16086
|a BRACUL
|b BRACUL
|c GEN
|d 2011-04-17
|g 120.00
|l 10
|m 43
|o 531.1133 SUB
|p 3010012191
|r 2026-03-29
|s 2026-03-29
|t 4
|w 2011-04-17
|y BK
|